00579 2200205 4500001002100000005001500021035002000036007000300056008004100059082000800100084001400108100001300122245003100135260003900166300001100205500011500216650001800331856001700349990000700366INLIS00000000000006920220126084752 a0010-0122000069ta220126 g 0 ind  a004 a004 SOE b0 aSoeparmo1 aBerbagai Kegunaan Komputer aJakarta :bRosda Daya Putra,c1987 a44 hlm aDengan buku kecil iniberusaha menerangkan secara sederhana dalam bentuk percakapan di rumah maupun di sekolah. 4aIlmu Komputer aKoleksi Umum a66